Most Guessed Men's Golf Champions A-Z - Statistics

General Stats
  • This quiz has been taken 101 times
  • The average score is 12 of 21
Answer Stats
letter latest golfer % Correct
W 2008 Tiger Woods
97%
N 1986 Jack Nicklaus
78%
P 1964 Arnold Palmer
77%
M 2013 Phil Mickelson
76%
J 2016 Dustin Johnson
75%
E 2012 Ernie Els
68%
S 2015 Jordan Spieth
68%
F 1996 Nick Faldo
64%
G 2017 Sergio Garcia
58%
B 1988 Seve Ballesteros
57%
K 2014 Martin Kaymer
55%
D 2015 Jason Day
51%
A 1993 Paul Azinger
51%
O 1999 José María Olazábal
50%
T 1984 Lee Trevino
50%
H 2008 Padraig Harrington
49%
R 2013 Justin Rose
47%
L 1993 Bernhard Langer
43%
I 1990 Hale Irwin
33%
C 2009 Angel Cabrera
31%
V 1964 Ken Venturi
23%
No matching quizzes found
Score Distribution
Percent of People with Each Score
Percentile by Number Answered
Your Score History
You have not taken this quiz